000 00651nam a2200217 a 4500
001 d
003 PILC
005 20160128150909.0
008 111026s19uu xx 00 eng d
020 _a9780826436641
050 _aB 1854
_b.P733 2009
100 _aPrado, C.G.
245 _aStarting with Descartes /
_cC.G. Prado.
260 _aLondon :
_bContinuum Publishing Group,
_c2009.
300 _a170 pages ;
_c23 cm.
500 _aIncludes glossary, bibliographical references and index.
650 _aDescartes, Rene, 1596-1650. Meditationes de prima philosophia
650 _aFirst philosophy.
942 _cBK
_2lcc
_kFOR
999 _c24820
_d24820